000
00213nam a2200097Ia 4500
008
191206s9999 xx 000 0 und d
020
_a
869225197
090
_a
PL8681.Z77
245
0
_a
NYANGA YENZOU
260
_c
c1992
999
_c
16587
_d
16587